[Event "Florianopolis op 6th"]
[Site "Florianopolis"]
[Date "2020.01.26"]
[Round "10"]
[White "Ribeiro, Gilnei Guedes"]
[Black "Usui, Gabriella Yumi"]
[Result "0-1"]
[WhiteElo "1422"]
[BlackElo "1227"]
[PlyCount "80"]
[EventDate "2020.01.20"]
[EventType "swiss"]
[EventRounds "10"]
[EventCountry "BRA"]
[SourceTitle "CBM 194 Extra"]
[Source "ChessBase"]
[SourceDate "2020.03.31"]
[SourceVersion "1"]
[SourceVersionDate "2020.03.31"]
[SourceQuality "1"]

1. d4 d5 2. Nf3 Nf6 3. e3 e6 4. Nbd2 Be7 5. Bd3 0-0 6. 0-0 b6 7. e4 dxe4 8. Nxe4 Bb7 9. Nxf6+ Bxf6 10. c3 Nd7 11. Re1 c5 12. Bf4 cxd4 13. cxd4 Bxf3 14. Qxf3 a6 15. Rac1 Bxd4 16. Bxh7+ Kxh7 17. Qe4+ Kg8 18. Qxd4 Nf6 19. Be5 Qxd4 20. Bxd4 Nd5 21. g3 Rac8 22. a3 Rfd8 23. Rxc8 Rxc8 24. Re2 Kf8 25. b4 g6 26. Kg2 Ke7 27. h4 Kd7 28. Rd2 Rc4 29. Bxb6 Kc6 30. Bd4 Kb5 31. Rd3 Ka4 32. Kf3 Rc2 33. g4 Rc8 34. h5 gxh5 35. gxh5 f6 36. Kg4 Rh8 37. Rh3 e5 38. Bb2 Nf4 39. Rh1 Nd3 40. Bc1 Nxf2+ 0-1

[Event "American Continental 14th"]
[Site "Montevideo"]
[Date "2018.06.09"]
[Round "10"]
[White "Ribeiro, Gilnei Guedes"]
[Black "Macias Araya, Javier"]
[Result "0-1"]
[WhiteElo "1445"]
[BlackElo "1378"]
[PlyCount "38"]
[EventDate "2018.06.01"]
[EventType "swiss"]
[EventRounds "11"]
[EventCountry "URU"]
[SourceTitle "CBM 184 Extra"]
[Source "ChessBase"]
[SourceDate "2018.06.28"]
[SourceVersion "1"]
[SourceVersionDate "2018.06.28"]
[SourceQuality "1"]

1. d4 Nf6 2. Bf4 e6 3. e3 c5 4. c3 d5 5. Nf3 Nc6 6. Nbd2 Bd6 7. Bg3 0-0 8. Bd3 c4 9. Bc2 a5 10. a4 Re8 11. Ne5 Qc7 12. f4 Ne7 13. b3 cxb3 14. Nxb3 Qxc3+ 15. Kf2 Bxe5 16. fxe5 Ng4+ 17. Kf3 Nxe3 18. Qd3 Qxc2 19. Qxe3 Nf5 0-1

[Event "American Continental 14th"]
[Site "Montevideo"]
[Date "2018.06.04"]
[Round "5"]
[White "Cardozo, Camila"]
[Black "Ribeiro, Gilnei Guedes"]
[Result "1/2-1/2"]
[WhiteElo "1586"]
[BlackElo "1445"]
[PlyCount "105"]
[EventDate "2018.06.01"]
[EventType "swiss"]
[EventRounds "11"]
[EventCountry "URU"]
[SourceTitle "CBM 184 Extra"]
[Source "ChessBase"]
[SourceDate "2018.06.28"]
[SourceVersion "1"]
[SourceVersionDate "2018.06.28"]
[SourceQuality "1"]

1. d4 Nf6 2. Nf3 e6 3. Bf4 d5 4. e3 Bd6 5. Bg3 c5 6. c3 Nc6 7. Nbd2 0-0 8. Bd3 Re8 9. Ne5 Qc7 10. f4 Bd7 11. 0-0 Ne7 12. Bh4 Ng6 13. Bg5 Be7 14. h4 cxd4 15. exd4 Bc6 16. h5 Nf8 17. Bxf6 Bxf6 18. Qg4 a6 19. Qg3 Bb5 20. Ng4 Nd7 21. Nxf6+ Nxf6 22. h6 g6 23. Qg5 Qe7 24. c4 dxc4 25. Nxc4 Rad8 26. Rad1 Nd5 27. Qe5 Qf8 28. Ne3 Nxe3 29. Bxb5 Rd5 30. Qxe3 Rxb5 31. b3 Qxh6 32. d5 Qf8 33. d6 Rd8 34. Qd4 Rd5 35. Qb4 Qxd6 36. Rxd5 Qxb4 37. Rxd8+ Kg7 38. Rdd1 Qc5+ 39. Rf2 b5 40. Rdd2 a5 41. Rc2 Qb6 42. Kh2 b4 43. Rf1 Qe3 44. Rcf2 h5 45. Rf3 Qd4 46. R3f2 f5 47. Rf3 e5 48. fxe5 Qxe5+ 49. Kg1 Kh6 50. Rf4 Kg5 51. Rc4 Qe2 52. Rf2 Qe5 53. Rfc2 1/2-1/2

[Event "Caioba Telecom op"]
[Site "Caioba"]
[Date "2017.10.01"]
[Round "8"]
[White "Bonfim, Regina Rodrigues"]
[Black "Ribeiro, Gilnei Guedes"]
[Result "1-0"]
[WhiteElo "1768"]
[BlackElo "1524"]
[PlyCount "69"]
[EventDate "2017.09.28"]
[EventType "swiss"]
[EventRounds "8"]
[EventCountry "BRA"]
[SourceTitle "EXT 2020"]
[Source "ChessBase"]
[SourceDate "2019.10.17"]
[SourceVersion "1"]
[SourceVersionDate "2019.10.17"]
[SourceQuality "1"]

1. d4 Nf6 2. c4 g6 3. Nc3 Bg7 4. e4 d6 5. f3 0-0 6. Be3 Nbd7 7. Qd2 e5 8. d5 a5 9. g4 Re8 10. h4 h5 11. Be2 Nc5 12. Bg5 Qd7 13. 0-0-0 Na4 14. Nxa4 Qxa4 15. Kb1 b6 16. Rc1 hxg4 17. Bxf6 Bxf6 18. fxg4 Kg7 19. g5 Be7 20. h5 Rh8 21. h6+ Kh7 22. Rf1 Rf8 23. Nh3 Bd7 24. Nf2 Qb4 25. Qc1 b5 26. cxb5 Bxb5 27. Bxb5 Qxb5 28. Ng4 a4 29. Nf6+ Kh8 30. Rf3 Bxf6 31. Rxf6 a3 32. Rhf1 axb2 33. Qxb2 Qd3+ 34. Kc1 Qe3+ 35. Kd1 1-0

[Event "Caioba Telecom op"]
[Site "Caioba"]
[Date "2017.09.30"]
[Round "6"]
[White "Machado, Wesley Henrique"]
[Black "Ribeiro, Gilnei Guedes"]
[Result "0-1"]
[WhiteElo "1170"]
[BlackElo "1524"]
[PlyCount "50"]
[EventDate "2017.09.28"]
[EventType "swiss"]
[EventRounds "8"]
[EventCountry "BRA"]
[SourceTitle "EXT 2018"]
[Source "ChessBase"]
[SourceDate "2017.10.13"]
[SourceVersion "1"]
[SourceVersionDate "2017.10.13"]
[SourceQuality "1"]

1. e4 c5 2. Nf3 e6 3. d4 cxd4 4. Nxd4 a6 5. Nc3 Qc7 6. Be3 Nf6 7. Qd2 Be7 8. a3 d6 9. Be2 b5 10. f4 Bb7 11. Bf3 Nbd7 12. 0-0-0 Nc5 13. Kb1 Ncxe4 14. Nxe4 Nxe4 15. Bxe4 Bxe4 16. Nb3 Rc8 17. Rc1 0-0 18. Rhg1 Rfd8 19. Qe2 d5 20. g3 b4 21. axb4 Bxb4 22. Qxa6 Ra8 23. Qb6 Qb8 24. Qxb8 Rdxb8 25. Bc5 Bf3 0-1

[Event "Santa Catarina op"]
[Site "Icara"]
[Date "2017.07.01"]
[Round "4"]
[White "Da Veiga, Pedro Miguel Back"]
[Black "Ribeiro, Gilnei Guedes"]
[Result "0-1"]
[WhiteElo "1750"]
[BlackElo "1527"]
[PlyCount "78"]
[EventDate "2017.06.29"]
[EventType "swiss"]
[EventRounds "7"]
[EventCountry "BRA"]
[SourceTitle "CBM 179 Extra"]
[Source "ChessBase"]
[SourceDate "2017.08.23"]
[SourceVersion "1"]
[SourceVersionDate "2017.08.23"]
[SourceQuality "1"]

1. e4 c5 2. Nf3 e6 3. Nc3 a6 4. Be2 Qc7 5. d4 cxd4 6. Nxd4 Nf6 7. Be3 Be7 8. g3 0-0 9. f4 d6 10. Nb3 b5 11. g4 Bb7 12. Bf3 Re8 13. Qd2 Nc6 14. 0-0-0 Nd7 15. Rdg1 Nb6 16. h4 Nc4 17. Qf2 N6a5 18. Be2 Nxb3+ 19. cxb3 Na3 20. Bb6 Qc6 21. Ba5 Bf6 22. e5 dxe5 23. Bf3 Qxf3 24. Qxf3 Bxf3 25. Rh3 e4 26. bxa3 Rac8 27. Kb2 Bxc3+ 28. Bxc3 Red8 29. Rh2 Rd1 30. Rxd1 Bxd1 31. Rd2 Bxg4 32. Rg2 f5 33. Rd2 Rc7 34. Rd6 Kf7 35. Bb4 Be2 36. Rxa6 Bd3 37. Bc3 Kg6 38. Rxe6+ Kh5 39. Re5 g6 0-1

[Event "Florianopolis Cordioli Memorial"]
[Site "Florianopolis"]
[Date "2015.07.04"]
[Round "3"]
[White "Ikeda, Vinicius Yasuto"]
[Black "Ribeiro, Gilnei Guedes"]
[Result "1-0"]
[WhiteElo "1892"]
[BlackElo "1661"]
[PlyCount "85"]
[EventDate "2015.07.03"]
[EventType "swiss"]
[EventRounds "7"]
[EventCountry "BRA"]
[SourceTitle "EXT 2016"]
[Source "ChessBase"]
[SourceDate "2015.10.08"]
[SourceVersion "1"]
[SourceVersionDate "2015.10.08"]
[SourceQuality "1"]

1. d4 d5 2. c4 e6 3. Nf3 f5 4. Nc3 Nf6 5. g3 c6 6. Bg2 Bd6 7. c5 Bc7 8. 0-0 0-0 9. b4 a6 10. a4 Qe8 11. Bf4 Bd8 12. Qb3 Ne4 13. Rfb1 h6 14. b5 Kh7 15. Bxb8 Rxb8 16. bxa6 Bc7 17. axb7 Rxb7 18. Qc2 Ra7 19. Nd2 Kh8 20. Nb3 Nxf2 21. Kxf2 f4 22. g4 e5 23. dxe5 Bxe5 24. Bf3 Bf6 25. Qd3 Re7 26. Nd4 Re3 27. Qd2 Bd7 28. Nd1 Bh4+ 29. Kg2 Re5 30. Nf2 Qg6 31. Qd3 Qg5 32. Nh3 Qe7 33. Nf2 Re3 34. Qg6 Rf6 35. Rb8+ Rf8 36. Rxf8+ Qxf8 37. Qd6 Qe8 38. Rb1 Kh7 39. Rb8 Qf7 40. Rf8 Qg6 41. Qxd7 Bxf2 42. Kxf2 Qg5 43. Qf5+ 1-0

[Event "Florianopolis Cordioli Memorial"]
[Site "Florianopolis"]
[Date "2015.07.03"]
[Round "1"]
[White "Azevedo, Edmundo Roberto Ram"]
[Black "Ribeiro, Gilnei Guedes"]
[Result "1-0"]
[WhiteElo "1996"]
[BlackElo "1661"]
[PlyCount "93"]
[EventDate "2015.07.03"]
[EventType "swiss"]
[EventRounds "7"]
[EventCountry "BRA"]
[SourceTitle "EXT 2016"]
[Source "ChessBase"]
[SourceDate "2015.10.08"]
[SourceVersion "1"]
[SourceVersionDate "2015.10.08"]
[SourceQuality "1"]

1. d4 Nf6 2. Nf3 g6 3. Bf4 d6 4. e3 Bg7 5. Be2 0-0 6. 0-0 Nh5 7. Bg5 h6 8. Bh4 g5 9. Nfd2 Nf6 10. Bg3 c5 11. c3 Nbd7 12. Bf3 Nh7 13. Nb3 Kh8 14. dxc5 dxc5 15. Qd5 Qb6 16. Na3 e6 17. Qd6 Rd8 18. Rfd1 Bf8 19. Qxb6 axb6 20. Bc7 Re8 21. Bxb7 Bxb7 22. Rxd7 Bc6 23. Rd2 f5 24. Bxb6 c4 25. Nd4 Bd5 26. Nxf5 Bxg2 27. Kxg2 exf5 28. Bd4+ Kg8 29. Nxc4 Ra6 30. Ne5 Nf6 31. f3 Nh5 32. a4 Kh7 33. a5 f4 34. e4 Bg7 35. Ng4 Bf8 36. Bb6 Re6 37. Rd7+ Kg6 38. Rad1 Ng7 39. R1d5 Ra8 40. Rd8 Rxd8 41. Rxd8 Be7 42. Rd5 Bd6 43. c4 h5 44. Nf2 Ne8 45. c5 Be7 46. a6 Nf6 47. a7 1-0